Mission d'Andalousie : (Record no. 172228)
[ view plain ]
| 000 -LEADER | |
|---|---|
| campo de control de longitud fija | 01711nam a2200253 i 4500 |
| 001 - NÚMERO DE CONTROL | |
| campo de control | 172228 |
| 003 - IDENTIFICADOR DE NÚMERO DE CONTROL | |
| campo de control | ES-MaACL |
| 005 - FECHA Y HORA DE LA ÚLTIMA TRANSACCIÓN | |
| campo de control | 20250811145204.0 |
| 008 - DATOS DE LONGITUD FIJA--INFORMACIÓN GENERAL | |
| campo de control de longitud fija | 090618s1889 fr |||| | fre d |
| 245 00 - MENCIÓN DEL TÍTULO | |
| Título | Mission d'Andalousie : |
| Resto del título | études relatives au tremblement de terre du 25 décembre 1884, et à la constitution géologique du sol ébranlé par les secousses / |
| Mención de responsabilidad, etc. | directeur de la Mission [et préfacier du présent ouvrage], M. F. Fouqué ; collaborateurs, Michel Lévy, Marcel Bertrand ... [et al.]. |
| 260 ## - PUBLICACIÓN, DISTRIBUCIÓN, ETC. | |
| Lugar de publicación, distribución, etc. | Paris : |
| Nombre del editor, distribuidor, etc. | s.n., |
| Fecha de publicación, distribución, etc. | 1889 ( |
| Fabricante | Imp. nationale) |
| 300 ## - DESCRIPCIÓN FÍSICA | |
| Extensión | 1 v. : |
| Otras características físicas | XXXVII lám. ; |
| Dimensiones | 27 cm. |
| 505 8# - NOTA DE CONTENIDO CON FORMATO | |
| Nota de contenido con formato | Lám. I-IV: mapas: "Carte de la partie de l'Andalousie éprouvée par le tremblement de terre du 25 décembre 1884 d'après les travaux de la comission française", "Carte géologique de la partie de l'Andalousie éprouvée par le tremblement de terre du 25 décembre 1884", "Carte géologique de la partie Nord-Est de la province de Malaga et de la partie Sud-Ouest de celle de Grenade", "Esquisse d'une carte géologique de la Sierra Elvira près de Grenade") . Lám. V-XV: reprod. de fotografías . Lám. XXI-XXXVII: fósiles |
| 590 0# - NOTA LOCAL (RLIN) | |
| Nota local | Ejemplar falto de port.; datos de publ. tomados de la BNF y tít. del lomo. |
| 650 #4 - PUNTO DE ACCESO ADICIONAL DE MATERIA--TÉRMINO DE MATERIA | |
| Término de materia o nombre geográfico como elemento de entrada | Terremotos- |
| Subdivisión geográfica | Andalucía- |
| Subdivisión cronológica | S.XIX. |
| 9 (RLIN) | 17487 |
| 650 ## - PUNTO DE ACCESO ADICIONAL DE MATERIA--TÉRMINO DE MATERIA | |
| Término de materia o nombre geográfico como elemento de entrada | Terremotos- |
| Subdivisión geográfica | Málaga (Provincia) |
| 9 (RLIN) | 173526 |
| 650 ## - PUNTO DE ACCESO ADICIONAL DE MATERIA--TÉRMINO DE MATERIA | |
| Término de materia o nombre geográfico como elemento de entrada | Terremotos- |
| Subdivisión geográfica | Granada (Provincia) |
| 9 (RLIN) | 173525 |
| 650 #4 - PUNTO DE ACCESO ADICIONAL DE MATERIA--TÉRMINO DE MATERIA | |
| Término de materia o nombre geográfico como elemento de entrada | Geología- |
| Subdivisión geográfica | Andalucía. |
| 9 (RLIN) | 173517 |
| 700 1# - ENTRADA AGREGADA--NOMBRE PERSONAL | |
| Nombre de persona | Fouqué, Ferdinand. |
| 9 (RLIN) | 51949 |
| 700 1# - ENTRADA AGREGADA--NOMBRE PERSONAL | |
| Nombre de persona | Lévy, Michel. |
| 9 (RLIN) | 72006 |
| 700 1# - ENTRADA AGREGADA--NOMBRE PERSONAL | |
| Nombre de persona | Bertrand , Marcel Alexandre, |
| Fechas asociadas al nombre | 1847-1907 |
| 9 (RLIN) | 142193 |
| 852 4# - LOCALIZACIÓN | |
| Ubicación | ES-MaACL |
| Número de control de estantería | C-1208 |
| Nota libre | - Legado Federico de Botella y de Hornos |
| Estatus retirado | Estado de pérdida | Estado de daño | No para préstamo | Colección | Biblioteca de origen | Biblioteca actual | Ubicación en estantería | Fecha de adquisición | Fuente de adquisición | Total de préstamos | Signatura topográfica completa | Código de barras | Visto por última vez | Precio de reemplazo | Tipo de ítem Koha |
|---|---|---|---|---|---|---|---|---|---|---|---|---|---|---|---|
| Libros del s. XIX | Biblioteca del Ateneo de Madrid | Biblioteca del Ateneo de Madrid | Sala Palomar | 18/06/2009 | C-1208 | 1180739 | 23/02/2023 | 23/02/2023 | Libro impreso antiguo |
